Southville International School and Colleges
Your cart is empty.
  • Cart
  • Lists
    Public lists Eva Luna New books Lux_list list_1
    Your lists Log in to create your own lists
  • Log in to your account
  • Your cookies
  • Search history
Southville International School and Colleges
  • Advanced search
  • Recent comments
  • Most popular
  • Libraries

Log in to your account

Log in with GOOGLE


If you do not have an external account, but do have a local account, you can still log in:

  1. Home
  2. MARC view: Search the Amazon! /
Normal view MARC view ISBD view

Search the Amazon! / (Record no. 912)

[ view plain ]
MARC details
000 -LEADER
fixed length control field 00707nam a22002537a 4500
003 - CONTROL NUMBER IDENTIFIER
control field OSt
005 - DATE AND TIME OF LATEST TRANSACTION
control field 20140310181647.0
008 - FIXED-LENGTH DATA ELEMENTS--GENERAL INFORMATION
fixed length control field 120310s1994 nyuab j 000 1 eng d
010 ## - LIBRARY OF CONGRESS CONTROL NUMBER
LC control number 2012358879
020 ## - INTERNATIONAL STANDARD BOOK NUMBER
International Standard Book Number 9780553563924
050 ## - LIBRARY OF CONGRESS CALL NUMBER
Classification number PZ 7
Item number .W678 1994
082 ## - DEWEY DECIMAL CLASSIFICATION NUMBER
Classification number KF C45
Item number #149
100 1# - MAIN ENTRY--PERSONAL NAME
Personal name Wilhelm, Doug.
9 (RLIN) 4019
245 10 - TITLE STATEMENT
Title Search the Amazon! /
Statement of responsibility, etc Doug Wilhelm; illustrated by Ron Wing.
260 ## - PUBLICATION, DISTRIBUTION, ETC. (IMPRINT)
Place of publication, distribution, etc New York :
Name of publisher, distributor, etc Bantam Books,
Date of publication, distribution, etc c1994.
300 ## - PHYSICAL DESCRIPTION
Extent 119 p. :
Other physical details ill., map ;
Dimensions 17 cm.
490 1# - SERIES STATEMENT
Series statement Choose your own adventure ;
Volume number/sequential designation 149
541 ## - IMMEDIATE SOURCE OF ACQUISITION NOTE
-- 1
541 ## - IMMEDIATE SOURCE OF ACQUISITION NOTE
-- 2
562 ## - COPY AND VERSION IDENTIFICATION NOTE
Number of copies 1
650 ## - SUBJECT ADDED ENTRY--TOPICAL TERM
Topical term or geographic name as entry element Adventure stories.
9 (RLIN) 3058
650 ## - SUBJECT ADDED ENTRY--TOPICAL TERM
Topical term or geographic name as entry element Plot-your-own stories.
942 ## - ADDED ENTRY ELEMENTS (KOHA)
Source of classification or shelving scheme Library of Congress Classification
Koha item type
Holdings
Withdrawn status Lost status Source of classification or shelving scheme Damaged status Home library Current library Shelving location Date acquired Total Checkouts Full call number Barcode Date last seen Copy number Price effective from Koha item type
    Library of Congress Classification   Luxembourg Library Luxembourg Library Kids Fiction Section 07/25/2013   PZ 7 .W678 1994 14405 05/25/2015 1 10/03/2013 Books
    Library of Congress Classification   Luxembourg Library Luxembourg Library Kids Fiction Section 07/25/2013   PZ 7 .W678 1994 3163 08/13/2013 2 07/25/2013 Books

Search the Amazon! /

APA

Wilhelm D., . (1994). Search the Amazon!. New York: Bantam Books.

Chicago

Wilhelm Doug, . 1994. Search the Amazon!. New York: Bantam Books.

Harvard

Wilhelm D., . (1994). Search the Amazon!. New York: Bantam Books.

MLA

Wilhelm Doug, . Search the Amazon!. New York: Bantam Books. 1994.

  • Place hold
  • Print
  • Cite
  • Add to your cart (remove)
  • Save record
    BIBTEX Dublin Core MARCXML MARC (non-Unicode/MARC-8) MARC (Unicode/UTF-8) MARC (Unicode/UTF-8, Standard) MODS (XML) RIS
  • More searches
    Search for this title in:
    Other Libraries (WorldCat) Other Databases (Google Scholar) Online Stores (Bookfinder.com) Open Library (openlibrary.org)

Exporting to Dublin Core...

SOUTHVILLE LIBRARY

Southville International School and Colleges Library

1281 Tropical Ave. Cor. Luxembourg St., BF Homes International, Las Pinas City

Tel. No. 8256374 / 252358 Loc. 117/146

Powered by Koha